000 01067nam a2200253 a 4500
001 55765
003 BD-RjUL
005 20211209080318.0
008 161121s1965 bg ||||| |||| 00| 0 ben d
020 _c: TK 8.00
035 _a(BD-RjUL)55889
040 _aBD-RjUL
_bben
_cBD-RjUL
_dBD-RjUL
041 _aben
082 _223
_a891.4409
_bMAB V-1 1965
100 _aমনসুরউদ্দীন, মুহম্মদ
_9245674
245 1 0 _aবাংলা সাহিত্যে মুসলিম সাধনা /
_cমুহম্মদ মনসুরউদ্দীন
250 _aপরিবর্ধিত ও পরিমার্জিত ২য় সং .
260 _aঢাকা :
_bরতন পাবলিশার্স,
_c১৯৬৫
300 _aখণ্ড. ;
_c২১ সেমি.
505 0 _aখণ্ড- ১ --
650 _aবাংলা সাহিত্য
_xইতিহাস ও সমালোচনা
_9160408
650 _aBengali Literature
_xHistory and Literature
_9160409
942 _2ddc
_cBK
999 _c55765
_d55765